Nákladovosť a možnosti jej zníženia v podniku služieb diplomová práca

Enregistré dans:
Détails bibliographiques
Auteur principal: Demková, Lenka
Collectivité auteur: Podnikovohospodárska fakulta EU so sídlom v Košiciach. Katedra účtovníctva a financií
Autres auteurs: Neufeld, Juraj, 1946-
Format: Livre
Langue:slovaque
Publié: Košice 2009
Tags: Ajouter un tag
Pas de tags, Soyez le premier à ajouter un tag!

MARC

LEADER 00000nam$a2200000$$$4500
001 0098691
005 20240320075207.4
041 0 |a slo 
044 |a SK 
245 1 0 |a Nákladovosť a možnosti jej zníženia v podniku služieb  |b diplomová práca  |c Lenka Demková ; škol. Juraj Neufeld 
264 1 |a Košice  |c 2009 
300 |a 92 s. 
100 1 |a Demková, Lenka 
700 1 |a Neufeld, Juraj, 1946- 
710 2 |a Podnikovohospodárska fakulta EU so sídlom v Košiciach. Katedra účtovníctva a financií